| 000 | 00789nam a2200229 a 4500 | ||
|---|---|---|---|
| 001 | 40930 | ||
| 003 | BD-RjUL | ||
| 005 | 20211209053311.0 | ||
| 008 | 160512s1999 bg ||||| |||| 00| 0 ben d | ||
| 020 | _c: TK 50.00 | ||
| 035 | _a(BD-RjUL)41046 | ||
| 040 |
_aBD-RjUL _bben _cBD-RjUL |
||
| 041 | _aben | ||
| 082 |
_223 _a891.441 _bKAA 1999 |
||
| 100 |
_aকামাল, মোহাম্মদ _9125990 |
||
| 245 | 1 | 0 |
_aএখানে অরণ্য ভয় ও অন্যান্য কবিতা / _cমোহাম্মদ কামাল |
| 260 |
_aঢাকা : _bঅরণী, _c১৯৯৯ |
||
| 300 |
_a৮০ পৃ. ; _c২১ সেমি. |
||
| 650 |
_aবাংলা কবিতা _9125991 |
||
| 650 |
_aBengali Poetry _9125992 |
||
| 942 |
_2ddc _cBK |
||
| 999 |
_c40930 _d40930 |
||